000 003930000a22001810004500
005 20120302062527.0
942 _cBOOK
100 _a APTE,VI.PU.
245 _a SARTHA ABHINAV ABHANG
250 _a 1 ST
260 _aMUMBAI: DR.SHRIPAD VI.JOSHI,1987
300 _a153 P.
040 _aMAR
365 _bRS.25/-
650 _aDHARMA
650 _a SANTA VANGMAYA
650 _a ABHANGA
999 _c356964
_d356961